Prologue-How the following article came to be (Record no. 75196)

MARC details
000 -CABECERA
campo de control de longitud fija 00664nam a2200241 a 4500
005 - FECHA Y HORA DE LA ÚLTIMA TRANSACCIÓN
campo de control 20210219153354.0
008 - ELEMENTOS DE LONGITUD FIJA--INFORMACIÓN GENERAL
campo de control de longitud fija 991125n 000 0 u
035 ## - NÚMERO DE CONTROL DEL SISTEMA
Número de control de sistema UPN01000094613
100 ## - ASIENTO PRINCIPAL--NOMBRE PERSONAL
Nombre de persona Wainer, Howard
222 ## - TÍTULO CLAVE
Título clave EDUCATIONAL RESEARCHER
245 ## - MENCIÓN DE TÍTULO
Título Prologue-How the following article came to be
300 ## - DESCRIPCIÓN FÍSICA
Extensión 12-13
362 ## - FECHAS DE PUBLICACIÓN Y/O DESIGNACIÓN SECUENCIAL
Fecha de publicación y/o designación secuencial 21, No. 1, 1992
505 ## - NOTA DE CONTENIDO CON FORMATO PREESTABLECIDO
Nota de contenido con formato Junio 1992
653 0# - TERMINO DE INDIZACION - NO CONTROLADO
Término no controlado CIENTIFICOS E INFORMACION CIENTIFICA
653 0# - TERMINO DE INDIZACION - NO CONTROLADO
Término no controlado DATOS ESTADISTICOS
653 0# - TERMINO DE INDIZACION - NO CONTROLADO
Término no controlado ILUSTRACIONES
653 0# - TERMINO DE INDIZACION - NO CONTROLADO
Término no controlado INVESTIGACION EDUCATIVA
653 0# - TERMINO DE INDIZACION - NO CONTROLADO
Término no controlado LEGIBILIDAD
653 0# - TERMINO DE INDIZACION - NO CONTROLADO
Término no controlado MEJORAMIENTO DE LA ESCRITURA
904 ## - ELEMENTOS DE DATOS D LOCAL, LDD (RLIN)
a AC
b 032424
905 ## - TIPO DE MATERIAL
Tipo de material Articulo

No items available.